Paesi dell'Unione Europea - Statistics

Statistiche generali
  • Questo quiz è stato fatto 426 volte
  • Il punteggio medio è 24 su 28
Statistiche sulle risposte
Adesione Paese % Corretto
1957 Francia
99%
1957 Italia
99%
1957 Germania
96%
1986 Spagna
96%
1986 Portogallo
95%
1995 Svezia
92%
1957 Belgio
90%
1981 Grecia
90%
1957 Paesi Bassi
90%
2004 Polonia
89%
1995 Finlandia
88%
2004 Slovenia
88%
2013 Croazia
86%
1957 Lussemburgo
86%
2007 Romania
86%
1995 Austria
85%
2004 Estonia
85%
2004 Lettonia
85%
2004 Lituania
85%
2004 Slovacchia
84%
1973 Danimarca
83%
1973 Irlanda
82%
2007 Bulgaria
80%
2004 Cechia
80%
2004 Ungheria
79%
2004 Malta
74%
1973 Regno Unito
74%
2004 Cipro
57%
Nessun quiz corrispondente trovato
Distribuzione punteggi
Percentuale di utenti per punteggio
Percentile per numero di risposta
I tuoi punteggi nel tempo
Non hai fatto questo quiz